| 000 | 00533nam a2200193 i 4500 | ||
|---|---|---|---|
| 001 | 40729 | ||
| 003 | ES-MaACL | ||
| 007 | t| | ||
| 008 | 030306s1954 sp ||||1| spa d | ||
| 100 | 1 |
_aCaplan, Sergio. _934860 |
|
| 245 | 1 | 0 |
_aTito, el usurpador / _cSergio Caplan. |
| 250 | _a1ª ed. | ||
| 260 |
_aBarcelona : _b[s.n., _c1954] ( _fGráf. García Robreño) |
||
| 300 |
_a121 p. ; _c15 cm. |
||
| 490 | 1 | _aGrandes reportajes | |
| 830 | 0 |
_aGrandes reportajes _9180447 |
|
| 852 |
_aES-MaACL _jC-8955 _bR.36733 |
||
| 999 |
_c40729 _d40729 |
||